Statistics for Justice League Heroes (Villains)

Click here to take the quiz!

General Stats

  • This quiz has been taken 56 times
  • The average score is 4 of 12

Answer Stats

Answer% Correct
Darkseid
86%
Brainiac
83%
Doomsday
59%
Gorilla Grodd
38%
Killer Frost
28%
General
24%
Queen Bee
24%
Circe
21%
The Key
21%
White Martians
17%
Zoom
14%
Prometheus
10%

Score Distribution

Percentile by Number Answered

Percent of People with Each Score

Your Score History

You have not taken this quiz